00912 a2200229 45000010006000000050017000060080041000230030015000640400040000790800033001192450064001520200018002162500012002342640036002463000019002825050207003010410008005081000023005167000026005397000022005658560095005875312720260407155805.0260407a1988 arg spa dAR-UNSa-BCEJYS aAR-UNSa-BCEJYSbspacAR-UNSa-BCEJYS a330.101.541xMacroeconomía10aTeoría macroeconómicapMacroeconomía no estocástica a84-85855-06-X a2a. ed. 1aBarcelona :bAntoni Boschc1988 a171 p.c21 cm. aI.El modelo "clásico" - II. El modelo Keynesiano - III. El modelo dinámico agregado de Tobin - IV. Temas diversos - V. Análisis dinámico de un modelo Keynesiano - VI. La función de inversión aspa1 aSargent, Thomas J.1 aCuervo Arango, Carlos1 aMillán, Teodoro41uhttps://biblioeco.unsa.edu.ar/pmb/images/libros/L128531.jpgyImagen de portadaqimage/jpeg